| 000 | 00000nam 2200000za 4500 |
| 001 | 9.822488 |
| 003 | CaOODSP |
| 005 | 20221107143705 |
| 007 | cr ||||||||||| |
| 008 | 160812s2007 qucabo ob f000 0 eng d |
| 020 | |z0-662-43695-4 |
| 040 | |aCaOODSP|beng |
| 043 | |an-cn--- |
| 086 | 1 |aR64-340/2006E-PDF|zR64-340/2006E |
| 110 | 2 |aParks Canada. |
| 245 | 10|aForges du Saint-Maurice National Historic Site of Canada |h[electronic resource] : |bmanagement plan. |
| 260 | |a[Gatineau, QC] : |bParks Canada, La Mauricie Field Unit, |cc2007. |
| 300 | |a63 p. : |bill., col. maps |
| 500 | |a"October 2007.” |
| 500 | |aIssued also in French under title: Lieu historique national du Canada des Forges-du-Saint-Maurice : plan directeur. |
| 504 | |aIncludes bibliographical references (p. 61). |
| 530 | |aIssued also in printed form. |
| 692 | 07|2gccst|aHistoric sites |
| 692 | 07|2gccst|aManagement |
| 692 | 07|2gccst|aPlanning |
| 710 | 2 |aParks Canada. |bLa Mauricie Field Unit. |
| 775 | 08|tLieu historique national du Canada des Forges-du-Saint-Maurice |w(CaOODSP)9.822490 |
| 776 | 0#|tForges du Saint-Maurice National Historic Site of Canada - management plan / |w(CaOODSP)9.650225 |
| 794 | |tForges du Saint-Maurice National Historic Site of Canada : |w(CaOODSP)9.892035 |
| 856 | 40|qPDF|s1.38 MB|uhttps://publications.gc.ca/collections/collection_2016/pc/R64-340-2006-eng.pdf |